000 00845cam a2200217 a 4500
001 000006312
005 20200929153921.0
008 870326s1988 pr ac 000 p spa d
020 _a0865814007
040 _aDO-SdBNP
_bspa
_cBNPHU
082 _aPR861.4
_bJ64p
100 1 _aJoglar Cacho, Manuel,
_d1898-1994
_917609
245 1 0 _aPoema inconcluso /
_cManuel Joglar Cacho ; prólogo por Jorge María Ruscalleda Bercedóniz.
260 _aSan Juan, Puerto Rico :
_bInstituto de Cultura Puertorriqueña. División de Publicaciones y Grabaciones,
_c1988.
300 _acix, 828 p. :
_bil., retr. ;
_c24 cm.
590 _aInventariado, 2018/VM
650 4 _aPoesía puertorriqueña
_91015
650 4 _aLiteratura puertorriqueña
_9250
700 1 _aRuscalleda Bercedóniz, Jorge María,
_epról.
_917610
910 _aValidado. Control de calidad MFF
999 _c6107
_d6107